| 000 | 01162cad a22001935a 4500 | ||
|---|---|---|---|
| 001 | L153702 | ||
| 008 | 110819s2011 xxk f 000 0 eng d | ||
| 035 | _a(Sirsi) u153702 | ||
| 041 | 0 | _aeng | |
| 110 | 2 |
_aUnited Kingdom _bDepartment for Environment, Food and Rural Affairs |
|
| 245 | 0 | 0 |
_aBiodiversity 2020 _ba strategy for England's wildlife and ecosystem services _h[electronic resource] |
| 260 |
_aLondon _bDEFRA _c2011 |
||
| 520 | _aStrategy for England's wildlife and ecosystem services aims to halt the loss of habitats and species by folllowing up on the agreement reached at the Convention on Biological Diversity Conference in October 2010 and the plans published in the Natural Environment White Paper published in June 2011. The biodiversity strategy's goals include the creation of better habitats, bigger and better wildlife sites and adaption to climate change. | ||
| 590 | _aKA NTK | ||
| 651 | 4 |
_aEngland _y886- |
|
| 690 | _aENVIRONMENT AND LAND CONSULTANCY-SUSTAINABILITY | ||
| 856 | 4 | 0 |
_uhttps://www.defra.gov.uk/publications/files/pb13583-biodiversity-strategy-2020-110817.pdf _zView the item free of charge at www.defra.gov.uk |
| 942 | _n0 | ||
| 999 |
_c112656 _d112656 |
||